Statistics for Countries with the Biggest Road Network Size

Click here to take the quiz!

General Stats

  • This quiz has been taken 51 times
  • The average score is 18 of 20

Answer Stats

RankingCountry% Correct
20United Kingdom
100%
3China
98%
14Germany
98%
2India
98%
5Russia
98%
13Spain
98%
1United States
98%
11Australia
96%
4Brazil
96%
9Canada
94%
7France
94%
16Italy
94%
6Japan
91%
19Poland
91%
10Indonesia
85%
18Turkey
85%
15Sweden
81%
12South Africa
79%
8Thailand
72%
17Finland
60%

Score Distribution

Percentile by Number Answered

Percent of People with Each Score

Your Score History

You have not taken this quiz